An introduction to genetic algorithms (Registro nro. 13629)

Detalles MARC
000 -Cabecera
Campo de control interno 00438nam a2200181Ia 4500
005 - Fecha y hora del registro
control field 20260306164815.0
008 - Elementos de Longitud Fija
fixed length control field 260306t1998||||xx |||||||||||||| ||spa||
041 ## - Idioma
Codigo Idioma ESP
082 ## - DEWEY y NOTACIÓN INTERNA
Dewey 005.1
Notación Interna M66
100 ## - AUTOR
Autor denominación Mitchell, Melanie
Término de relación autor
245 #3 - TÍTULO DE MATERIAL BIBLIOGRÁFICO
Título An introduction to genetic algorithms
260 ## - CIUDAD, EDITORIAL, AÑO
Año 1998
300 ## - DESCRIPCIÓN
N° Páginas viii, 208 páginas :
Dimensiones 26 cm.
650 ## - TEMAS
Temas Generalidades
654 ## - PROGRAMAS
Programa
942 ## - ELEMENTOS DE KOHA
Tipo de documento Libro
Nombre del creador Justo Noguera
Código de catalogador Justo Noguera
Esquema de clasificación Dewey Decimal Classification
Suppress in OPAC
Existencias
Codigo completo Registro Colección Copia número Disponibilidad Tipo de préstamo Biblioteca Actual Procedencia (Biblioteca) Ubicacón Fecha Ingreso Tipo de Adquisición Date last seen Total checkouts Price effective from Tipo de Item Estado del Material Fuente de Clasificación Damaged status Withdrawn status
005.1 M66 U0013062 Universidad Católica San Pablo 1 Disponible Disponible Víctor Andrés Belaunde Víctor Andrés Belaunde Segundo piso 03/06/2026 Compra 06/03/2026   06/03/2026 Libro Bueno Dewey Decimal Classification